000 00365pam a2200157a 44500
008 230515b1991 xxu||||| |||| 00| 0 eng d
020 _aNULL
041 _aENGL
082 _a621.38104 / GUL
100 _aGULATI R.R.
245 _aMONOCHROME AND COLOUR TELEVISION(GUL)
250 _aN.D.
260 _aNULL
_bWILEY
_c1991
300 _a774 PB
650 _aNULL
999 _c624059
_d624059